000
00293nam a2200121Ia 4500
005
20251222155119.0
008
251222s9999||||xx |||||||||||||| ||spa||
082
_a
ESC. 15
100
_a
TORRES, Laura.
245
0
_a
Grupo Técnico Responsable Elaboración M.
264
_b
MINSA
942
_c
LIB
999
_c
38370
_d
38370